000
00309nam a22001217a 4500
008
180606b xxu||||| |||| 00| 0 eng d
041
_a
eng
080
_a
043.3
100
_a
0
101
_a
SHKI-MA
245
_a
Analiza e Sherbimeve ne Cloud kunder Infrastruktures Tradicionale
_c
Biqkaj, K
942
_2
udc
_c
BK
999
_c
46455
_d
46455